SR päť rokov po vtupe do Európskej únie a NATO
Zhodnotenie integračnej cesty Slovenskej republiky do európskych a euroatlantických štruktúr od svojho vzniku v roku 1993. Vstupom do európskeho integračného zoskupenia Slovensko získalo nielen politické, bezpečnostné a ekonomické benefity a široké práva členskej krajiny, ale ako (relatívne) malý št...
Salvato in:
| Autore principale: | |
|---|---|
| Natura: | Capitolo di libro |
| Lingua: | slovacco |
| Soggetti: | |
| Tags: |
Nessun Tag, puoi essere il primo ad aggiungerne!!
|
MARC
| LEADER | 00000nla$a2200000$$$4500 | ||
|---|---|---|---|
| 001 | 0125681 | ||
| 005 | 20240502083318.9 | ||
| 041 | 0 | |a slo | |
| 044 | |a CZ | ||
| 245 | 1 | 0 | |a SR päť rokov po vtupe do Európskej únie a NATO |c Peter Rusiňák |
| 520 | |a Zhodnotenie integračnej cesty Slovenskej republiky do európskych a euroatlantických štruktúr od svojho vzniku v roku 1993. Vstupom do európskeho integračného zoskupenia Slovensko získalo nielen politické, bezpečnostné a ekonomické benefity a široké práva členskej krajiny, ale ako (relatívne) malý štát na seba zároveň prebralo významné povinnosti a záväzky. Špecifiká súčasnej pozície SR v zahraničnopolitickej oblasti po uplynutí piatich rokov od vstupu do Európskej únie a NATO. | ||
| 610 | 2 | 0 | |a integrácia ekonomická medzinárodná |
| 610 | 2 | 0 | |a politika zahraničná |
| 610 | 2 | 0 | |a spolupráca hospodárska medzinárodná |
| 610 | 2 | 0 | |a vzťahy medzinárodné |
| 610 | 2 | 0 | |a organizácie medzinárodné |
| 610 | 2 | 0 | |a sily ozbrojené |
| 610 | 2 | 0 | |a bezpečnosť |
| 610 | 2 | 0 | |a Európska únia |
| 610 | 2 | 0 | |a Slovensko |
| 100 | 1 | |a Rusiňák, Peter, 1985- | |